[Event "Olomouc Summer op 20th"]
[Site "Olomouc"]
[Date "2017.08.14"]
[Round "4"]
[White "Kusina, Jan"]
[Black "Zdrazil, Jan"]
[Result "0-1"]
[WhiteElo "2029"]
[BlackElo "1892"]
[PlyCount "76"]
[EventDate "2017.08.12"]
[EventType "swiss"]
[EventRounds "9"]
[EventCountry "CZE"]
[SourceTitle "CBM 180 Extra"]
[Source "ChessBase"]
[SourceDate "2017.10.06"]
[SourceVersion "1"]
[SourceVersionDate "2017.10.06"]
[SourceQuality "1"]

1. Nf3 Nf6 2. d4 g6 3. c4 Bg7 4. Nc3 0-0 5. e4 d6 6. Be2 e5 7. d5 Nbd7 8. 0-0 a5 9. Ne1 Nc5 10. Qc2 Nfd7 11. Be3 f5 12. f3 f4 13. Bf2 Rf7 14. b3 Bf8 15. a3 g5 16. Rb1 Nf6 17. b4 axb4 18. axb4 Na6 19. c5 dxc5 20. Bxa6 Rxa6 21. bxc5 g4 22. Nd3 gxf3 23. Nxe5 fxg2 24. Kxg2 Bh3+ 25. Kh1 Rg7 26. Rg1 Ng4 27. Nf3 Nxf2+ 28. Qxf2 Qf6 29. e5 Qf5 30. Rxb7 Bg4 31. d6 Ra3 32. Nd4 Qxe5 33. Rxc7 Qxd4 34. Rxg7+ Bxg7 35. d7 Qxd7 36. h3 Rxc3 37. hxg4 Rh3+ 38. Kg2 Qxg4+ 0-1

[Event "Senta op 21st"]
[Site "Senta"]
[Date "2017.07.31"]
[Round "9"]
[White "Kusina, Jan"]
[Black "Tapai, Djerdj"]
[Result "1/2-1/2"]
[WhiteElo "2029"]
[BlackElo "1848"]
[PlyCount "45"]
[EventDate "2017.07.24"]
[EventType "swiss"]
[EventRounds "9"]
[EventCountry "SRB"]
[SourceTitle "CBM 179 Extra"]
[Source "ChessBase"]
[SourceDate "2017.08.23"]
[SourceVersion "1"]
[SourceVersionDate "2017.08.23"]
[SourceQuality "1"]

1. d4 e6 2. c4 d5 3. Nf3 Nf6 4. Nc3 c6 5. e3 Bd6 6. Qc2 Nbd7 7. cxd5 exd5 8. Bd3 0-0 9. 0-0 Re8 10. a3 Nf8 11. h3 Ng6 12. b4 a6 13. Rb1 Qe7 14. Na4 Bc7 15. Bb2 Ne4 16. Rfd1 Nh4 17. Bxe4 dxe4 18. Nxh4 Qxh4 19. d5 Bxh3 20. gxh3 Qxh3 21. Nc5 Bh2+ 22. Kh1 Be5+ 23. Kg1 1/2-1/2

[Event "Senta op 21st"]
[Site "Senta"]
[Date "2017.07.27"]
[Round "4"]
[White "Kusina, Jan"]
[Black "Meszaros, Bela"]
[Result "1/2-1/2"]
[WhiteElo "2029"]
[BlackElo "2185"]
[PlyCount "102"]
[EventDate "2017.07.24"]
[EventType "swiss"]
[EventRounds "9"]
[EventCountry "SRB"]
[SourceTitle "CBM 179 Extra"]
[Source "ChessBase"]
[SourceDate "2017.08.23"]
[SourceVersion "1"]
[SourceVersionDate "2017.08.23"]
[SourceQuality "1"]

1. d4 Nf6 2. c4 g6 3. Nc3 Bg7 4. e4 d6 5. f3 0-0 6. Be3 Nbd7 7. Qd2 c5 8. Nge2 a6 9. Rd1 Qa5 10. Nc1 cxd4 11. Bxd4 Ne5 12. Nd5 Qxd2+ 13. Rxd2 Nxd5 14. cxd5 Bd7 15. f4 Ng4 16. Bxg7 Kxg7 17. Bd3 Rac8 18. 0-0 Rc7 19. h3 Nf6 20. Ne2 Rfc8 21. Kf2 Bb5 22. Ke3 Bxd3 23. Kxd3 Nd7 24. Rfd1 f5 25. exf5 gxf5 26. Nd4 Kf6 27. Ne6 Rc4 28. Ke3 Nb6 29. g4 fxg4 30. hxg4 Nxd5+ 31. Rxd5 Kxe6 32. Rh5 Rg8 33. Kf3 Rg7 34. Rdh1 Rc2 35. R1h2 Rxh2 36. Rxh2 Kf7 37. Rh6 Kg8 38. Re6 Kf7 39. Rh6 Kg8 40. Re6 Rf7 41. Ke4 Kf8 42. g5 Ke8 43. f5 Kf8 44. Kf4 Ke8 45. Kg4 Kd7 46. Rh6 Rg7 47. Re6 b5 48. Kf4 a5 49. Rh6 a4 50. Re6 Rf7 51. Rh6 Ke8 1/2-1/2

[Event "POL-chT 2nd League"]
[Site "Szczyrk"]
[Date "2014.09.14"]
[Round "9.97"]
[White "Gierulski, Kamil"]
[Black "Kusina, Jan"]
[Result "1/2-1/2"]
[WhiteElo "2023"]
[BlackElo "2043"]
[PlyCount "66"]
[EventDate "2014.09.06"]
[EventType "team-swiss"]
[EventRounds "9"]
[EventCountry "POL"]
[SourceTitle "EXT 2015"]
[Source "ChessBase"]
[SourceDate "2014.11.20"]
[SourceVersion "1"]
[SourceVersionDate "2014.11.20"]
[SourceQuality "1"]
[WhiteTeam "Rzeszow RzKSz"]
[BlackTeam "Drogowiec"]
[WhiteTeamCountry "POL"]
[BlackTeamCountry "POL"]

1. e4 c5 2. Nf3 d6 3. d4 cxd4 4. Nxd4 Nf6 5. Nc3 a6 6. h3 e6 7. g4 Be7 8. Bg2 Qc7 9. Be3 Nc6 10. f4 Nxd4 11. Qxd4 e5 12. Qd2 exf4 13. Bxf4 Be6 14. 0-0-0 0-0-0 15. Kb1 h6 16. Rhe1 Rd7 17. Re3 Qa5 18. Nd5 Qxd2 19. Nxe7+ Kd8 20. Nc6+ bxc6 21. Rxd2 Ke7 22. Red3 d5 23. exd5 Nxd5 24. Bg3 Rhd8 25. Be4 Nb4 26. Rxd7+ Rxd7 27. Rxd7+ Bxd7 28. c4 c5 29. Bf2 Kd6 30. Bg3+ Ke7 31. Bf2 Kd6 32. Bg3+ Ke7 33. Bf2 Kd6 1/2-1/2

[Event "Split op 1st"]
[Site "Split"]
[Date "2011.08.06"]
[Round "2"]
[White "Biliskov, Vjekoslav"]
[Black "Kusina, Jan"]
[Result "0-1"]
[WhiteElo "2358"]
[BlackElo "2092"]
[PlyCount "72"]
[EventDate "2011.08.05"]
[EventType "swiss"]
[EventRounds "9"]
[EventCountry "CRO"]
[SourceTitle "CBM 143 Extra"]
[Source "ChessBase"]
[SourceDate "2011.08.29"]
[SourceVersion "1"]
[SourceVersionDate "2011.08.29"]
[SourceQuality "1"]

1. e4 c5 2. Nf3 d6 3. c3 Nf6 4. Be2 e5 5. 0-0 Nc6 6. d4 Be7 7. d5 Nb8 8. Nbd2 0-0 9. b3 Nbd7 10. a4 Ne8 11. Nc4 g6 12. Ba3 b6 13. Nfd2 f5 14. exf5 gxf5 15. f4 e4 16. g4 Ndf6 17. g5 Nxd5 18. Nxe4 Be6 19. Ned2 Nxc3 20. Qe1 Nxe2+ 21. Qxe2 Ng7 22. Bb2 Bd5 23. Qd3 Bb7 24. Ne3 Qd7 25. Nd5 Rae8 26. Rae1 Bd8 27. Nc4 Rxe1 28. Rxe1 Qf7 29. Nce3 Qg6 30. Re2 Re8 31. Rd2 Re4 32. Nf6+ Kf7 33. Nxe4 Bxe4 34. Qc4+ Qe6 35. Qc3 Qg6 36. Re2 Ne6 0-1

[Event "POL-chT 2nd League"]
[Site "Ustron"]
[Date "2008.09.12"]
[Round "7.65"]
[White "Sroka, Janusz"]
[Black "Kusina, Jan"]
[Result "1/2-1/2"]
[WhiteElo "2156"]
[BlackElo "2147"]
[PlyCount "31"]
[EventDate "2008.09.06"]
[EventType "team-swiss"]
[EventRounds "9"]
[EventCountry "POL"]
[SourceTitle "EXT 2015"]
[Source "ChessBase"]
[SourceDate "2014.11.20"]
[SourceVersion "1"]
[SourceVersionDate "2014.11.20"]
[SourceQuality "1"]
[WhiteTeam "Mikolow AKS"]
[BlackTeam "Krakow TKKF Drogowiec"]
[WhiteTeamCountry "POL"]
[BlackTeamCountry "POL"]

1. e4 c5 2. Nf3 d6 3. d4 cxd4 4. Nxd4 Nf6 5. Nc3 a6 6. g3 e5 7. Nb3 Be6 8. Bg2 Nbd7 9. 0-0 Be7 10. a4 0-0 11. h3 Nc5 12. Nxc5 dxc5 13. Qe2 Qc7 14. Be3 Rad8 15. Rfd1 Rxd1+ 16. Rxd1 1/2-1/2

[Event "Polanica Zdroj op-A 44th"]
[Site "Polanica Zdroj"]
[Date "2008.08.26"]
[Round "8"]
[White "Czaja, Wojciech"]
[Black "Kusina, Jan"]
[Result "0-1"]
[WhiteElo "2103"]
[BlackElo "2147"]
[PlyCount "98"]
[EventDate "2008.08.19"]
[EventType "swiss"]
[EventRounds "10"]
[EventCountry "POL"]
[SourceTitle "CBM 126 Extra"]
[Source "ChessBase"]
[SourceDate "2008.11.05"]
[SourceVersion "1"]
[SourceVersionDate "2008.11.05"]
[SourceQuality "1"]

1. d4 d5 2. Nf3 Nf6 3. c4 dxc4 4. Nc3 e6 5. e4 Bb4 6. Bg5 b5 7. a4 c6 8. e5 h6 9. Bh4 g5 10. Nxg5 hxg5 11. Bxg5 Nbd7 12. axb5 Qb6 13. exf6 cxb5 14. Be2 Bb7 15. Bf3 0-0-0 16. 0-0 Ne5 17. Bxb7+ Qxb7 18. Qe2 Nc6 19. d5 exd5 20. Qg4+ Kb8 21. Bf4+ Ka8 22. Qf5 Nd4 23. Qe5 Bc5 24. Qc7 Qxc7 25. Bxc7 Rd7 26. Be5 b4 27. Na4 Nb3 28. Ra2 d4 29. Rd1 d3 30. Kf1 Kb7 31. Nxc5+ Nxc5 32. Rda1 a6 33. Bf4 Nb3 34. Rd1 Kb6 35. g4 Kb5 36. g5 a5 37. Kg2 c3 38. bxc3 bxc3 39. g6 fxg6 40. Be5 Kb4 41. Bf4 Rf8 42. Be5 Rd5 43. f4 Rf7 44. Kf3 c2 45. Rxc2 dxc2 46. Rxd5 c1Q 47. Rd6 Qf1+ 48. Ke4 Qe2+ 49. Kd5 Qc4# 0-1

[Event "Polanica Zdroj op-A 44th"]
[Site "Polanica Zdroj"]
[Date "2008.08.25"]
[Round "7"]
[White "Kusina, Jan"]
[Black "Swiech, Przemyslaw"]
[Result "0-1"]
[WhiteElo "2147"]
[BlackElo "2027"]
[PlyCount "62"]
[EventDate "2008.08.19"]
[EventType "swiss"]
[EventRounds "10"]
[EventCountry "POL"]
[SourceTitle "CBM 126 Extra"]
[Source "ChessBase"]
[SourceDate "2008.11.05"]
[SourceVersion "1"]
[SourceVersionDate "2008.11.05"]
[SourceQuality "1"]

1. d4 c5 2. d5 e5 3. c4 d6 4. e4 g6 5. Nc3 Bg7 6. Be3 Ne7 7. Bd3 0-0 8. a3 f5 9. f3 Nd7 10. b4 b6 11. Nge2 Nf6 12. Qc2 fxe4 13. Nxe4 Nf5 14. Bg5 h6 15. Bd2 Nh4 16. 0-0 Nh5 17. Ra2 g5 18. N4g3 Nf4 19. Nxf4 gxf4 20. Ne4 Kh8 21. Rf2 Bf6 22. Bc3 Rg8 23. Kf1 Nf5 24. Bd2 Bh4 25. g3 fxg3 26. hxg3 Nd4 27. Qd1 Bxg3 28. Nxg3 Rxg3 29. Ke1 Qh4 30. Be3 Rg1+ 31. Bf1 Rxf1+ 0-1

[Event "Polanica Zdroj op-A 44th"]
[Site "Polanica Zdroj"]
[Date "2008.08.23"]
[Round "5"]
[White "Kusina, Jan"]
[Black "Zysko, Jan"]
[Result "1/2-1/2"]
[WhiteElo "2147"]
[BlackElo "2148"]
[PlyCount "47"]
[EventDate "2008.08.19"]
[EventType "swiss"]
[EventRounds "10"]
[EventCountry "POL"]
[SourceTitle "CBM 126 Extra"]
[Source "ChessBase"]
[SourceDate "2008.11.05"]
[SourceVersion "1"]
[SourceVersionDate "2008.11.05"]
[SourceQuality "1"]

1. d4 d5 2. c4 c6 3. Nf3 Nf6 4. Nc3 e6 5. e3 Nbd7 6. Bd3 dxc4 7. Bxc4 b5 8. Bd3 Bb7 9. e4 b4 10. Ne2 c5 11. Ng3 cxd4 12. Nxd4 Bc5 13. Be3 0-0 14. 0-0 Ne5 15. Bc2 Nc4 16. Ndf5 Nxe3 17. Nxe3 Bxe3 18. fxe3 Qxd1 19. Raxd1 Rfd8 20. Rd4 a5 21. h3 e5 22. Rdd1 Rac8 23. Bb1 Kf8 24. Kf2 1/2-1/2

[Event "Stare Mesto op"]
[Site "Stare Mesto"]
[Date "2008.08.15"]
[Round "9"]
[White "Kusina, Jan"]
[Black "Hoskovec, Josef"]
[Result "1-0"]
[WhiteElo "2147"]
[BlackElo "1989"]
[PlyCount "121"]
[EventDate "2008.08.08"]
[EventType "swiss"]
[EventRounds "10"]
[EventCountry "CZE"]
[SourceTitle "CBM 125 Extra"]
[Source "ChessBase"]
[SourceDate "2008.09.01"]
[SourceVersion "1"]
[SourceVersionDate "2008.09.01"]
[SourceQuality "1"]

1. c4 f5 2. Nc3 Nf6 3. g3 e6 4. Bg2 c6 5. d4 d5 6. Qb3 Bd6 7. Nh3 Nbd7 8. 0-0 0-0 9. Bf4 Qe7 10. Bxd6 Qxd6 11. e3 Kh8 12. Rfd1 Qe7 13. Nb1 dxc4 14. Qxc4 Nb6 15. Qb3 Nbd5 16. Nc3 Bd7 17. Qxb7 Rfb8 18. Qa6 Rxb2 19. Na4 Rb5 20. Nc5 Nb4 21. Qa4 Nfd5 22. Rac1 a5 23. Bf1 Rbb8 24. Rd2 Nb6 25. Qb3 N4d5 26. Nxd7 Nxd7 27. Qa4 N7b6 28. Qd1 Rc8 29. Qh5 Nf6 30. Qf3 Nbd5 31. Nf4 Nxf4 32. Qxf4 Nd5 33. Qe5 h6 34. Bd3 Qf6 35. Qd6 Nb4 36. Bc4 Nd5 37. Rdc2 Rd8 38. Qc5 Qf8 39. Qxf8+ Rxf8 40. a3 Rab8 41. Ba2 Rfc8 42. Rxc6 Rxc6 43. Rxc6 Rb2 44. Bxd5 exd5 45. Rc5 a4 46. Rxd5 Rb3 47. Rxf5 Rxa3 48. Ra5 Ra1+ 49. Kg2 a3 50. Kf3 Kg8 51. Ra4 Kf8 52. h4 a2 53. Ke4 g5 54. Kf5 Ke8 55. d5 Rd1 56. Rxa2 Rxd5+ 57. Kg4 Ke7 58. Ra6 Rd2 59. f3 Rd5 60. Rg6 Rd3 61. e4 1-0

[Event "Stare Mesto op"]
[Site "Stare Mesto"]
[Date "2008.08.13"]
[Round "7"]
[White "Kusina, Jan"]
[Black "Plasek, Radim"]
[Result "1-0"]
[WhiteElo "2147"]
[BlackElo "2055"]
[PlyCount "45"]
[EventDate "2008.08.08"]
[EventType "swiss"]
[EventRounds "10"]
[EventCountry "CZE"]
[SourceTitle "CBM 125 Extra"]
[Source "ChessBase"]
[SourceDate "2008.09.01"]
[SourceVersion "1"]
[SourceVersionDate "2008.09.01"]
[SourceQuality "1"]

1. c4 g6 2. Nc3 Bg7 3. g3 Nf6 4. Bg2 Nc6 5. Nf3 d6 6. d3 e5 7. Rb1 a5 8. a3 0-0 9. 0-0 Bd7 10. b4 axb4 11. axb4 Ne7 12. b5 c6 13. Qb3 Ne8 14. Bb2 h6 15. Ra1 Rxa1 16. Rxa1 Be6 17. bxc6 bxc6 18. Ra7 Nf5 19. Qb7 Bf6 20. c5 Qc8 21. cxd6 Qxb7 22. Rxb7 Nexd6 23. Rb6 1-0

[Event "Stare Mesto op"]
[Site "Stare Mesto"]
[Date "2008.08.10"]
[Round "3"]
[White "Kusina, Jan"]
[Black "Sosna, Jan"]
[Result "0-1"]
[WhiteElo "2147"]
[BlackElo "2379"]
[PlyCount "107"]
[EventDate "2008.08.08"]
[EventType "swiss"]
[EventRounds "10"]
[EventCountry "CZE"]
[SourceTitle "CBM 125 Extra"]
[Source "ChessBase"]
[SourceDate "2008.09.01"]
[SourceVersion "1"]
[SourceVersionDate "2008.09.01"]
[SourceQuality "1"]

1. d4 d5 2. Nf3 c6 3. e3 Bg4 4. Be2 Nd7 5. Nbd2 Ngf6 6. 0-0 e6 7. c4 Bd6 8. b3 0-0 9. Bb2 Qe7 10. Ne5 Bxe2 11. Qxe2 Bb4 12. Ndf3 a5 13. a4 Bd6 14. Rfd1 Rfd8 15. h3 Nf8 16. Ng5 Bxe5 17. dxe5 N6d7 18. f4 Qe8 19. Ba3 f6 20. exf6 Nxf6 21. Bb2 Qg6 22. Rac1 h6 23. Nf3 N8d7 24. Bxf6 Qxf6 25. Qc2 Re8 26. Qd2 Nc5 27. Qc3 Qxc3 28. Rxc3 Ne4 29. Rcd3 g5 30. fxg5 hxg5 31. Ne5 Rf8 32. Rf1 Rxf1+ 33. Kxf1 Rf8+ 34. Nf3 Kg7 35. Ke2 Kf6 36. Nd2 Nc5 37. Rd4 e5 38. Rg4 e4 39. g3 Rh8 40. h4 gxh4 41. gxh4 Nd3 42. Kf1 Ne5 43. Rf4+ Ke6 44. Ke2 Ng6 45. cxd5+ cxd5 46. Rg4 Nxh4 47. Rg7 Nf5 48. Rxb7 Rh2+ 49. Ke1 Nxe3 50. Rb5 Nc2+ 51. Kd1 Nd4 52. Rb6+ Ke5 53. Nf1 Rh3 54. Ke1 0-1

[Event "Stare Mesto op"]
[Site "Stare Mesto"]
[Date "2008.08.10"]
[Round "4"]
[White "Pukl, Rostislav"]
[Black "Kusina, Jan"]
[Result "0-1"]
[WhiteElo "1955"]
[BlackElo "2147"]
[PlyCount "100"]
[EventDate "2008.08.08"]
[EventType "swiss"]
[EventRounds "10"]
[EventCountry "CZE"]
[SourceTitle "CBM 125 Extra"]
[Source "ChessBase"]
[SourceDate "2008.09.01"]
[SourceVersion "1"]
[SourceVersionDate "2008.09.01"]
[SourceQuality "1"]

1. e4 c5 2. Nf3 d6 3. d4 cxd4 4. Nxd4 Nf6 5. Nc3 a6 6. Be2 e5 7. Nb3 Be7 8. Be3 Be6 9. 0-0 Nbd7 10. Qd3 b5 11. Nd5 Bxd5 12. exd5 Nb6 13. Bxb6 Qxb6 14. Rfd1 0-0 15. a4 Rfc8 16. axb5 axb5 17. Rxa8 Rxa8 18. Qxb5 Qxb5 19. Bxb5 Ra2 20. Rb1 Nxd5 21. Bc4 Nb6 22. Bb5 d5 23. c3 f5 24. Nc1 Ra5 25. Be2 Kf7 26. Kf1 g5 27. Nb3 Ra4 28. Nd2 Ke6 29. Bb5 Ra5 30. Be2 Ra2 31. Bb5 Kd6 32. Nb3 g4 33. Nc1 Ra5 34. Be2 Bg5 35. Nd3 Nc4 36. Ke1 Ra2 37. b3 Bd2+ 38. Kd1 Na3 39. Rb2 Rxb2 40. Nxb2 Bxc3 41. Na4 Bd4 42. f3 h5 43. h3 gxf3 44. gxf3 h4 45. Kd2 Kc6 46. Nc3 Bxc3+ 47. Kxc3 Nb5+ 48. Kd3 Kc5 49. Bd1 f4 50. Bc2 Kb4 0-1

[Event "POL-chT 2nd League"]
[Site "Wysowa"]
[Date "2007.09.05"]
[Round "3"]
[White "Jaroch, Pawel"]
[Black "Kusina, Jan"]
[Result "1-0"]
[WhiteElo "2136"]
[BlackElo "2147"]
[PlyCount "120"]
[EventDate "2007.09.03"]
[EventType "team-swiss"]
[EventRounds "9"]
[EventCountry "POL"]
[SourceTitle "EXT 2010"]
[Source "ChessBase"]
[SourceDate "2010.11.25"]
[SourceVersion "1"]
[SourceVersionDate "2010.11.25"]
[SourceQuality "1"]
[WhiteTeam "Bydgoszcz UKS MDK Nr 5"]
[BlackTeam "Krakow TKKF Drogowiec"]
[WhiteTeamCountry "POL"]
[BlackTeamCountry "POL"]

1. e4 c5 2. a3 g6 3. Nc3 Bg7 4. Bc4 e6 5. Nge2 Nc6 6. d3 a6 7. Be3 b5 8. Ba2 Nd4 9. Qd2 Ne7 10. 0-0 0-0 11. Nd1 d5 12. Nxd4 cxd4 13. Bh6 Bb7 14. Bxg7 Kxg7 15. f3 Rc8 16. Rc1 Qd6 17. Nf2 f5 18. Rfd1 Rf7 19. c3 dxc3 20. Rxc3 Rff8 21. Rdc1 d4 22. Rxc8 Rxc8 23. Rxc8 Bxc8 24. Qc2 Qc6 25. Qxc6 Nxc6 26. f4 b4 27. Kf1 a5 28. Bb3 Kf6 29. e5+ Ke7 30. Nh3 Ba6 31. Ke2 h6 32. Ng1 Bb7 33. g3 Na7 34. axb4 axb4 35. Kd2 Nb5 36. Bc4 Nc7 37. Ne2 Bd5 38. Nxd4 g5 39. Nc2 Bxc4 40. dxc4 Na6 41. Ke3 gxf4+ 42. gxf4 b3 43. Na1 Nc5 44. Kd4 Na4 45. Nxb3 Nxb2 46. Nc5 Nd1 47. Nd3 Kd7 48. h3 h5 49. h4 Kd8 50. Nc5 Ke7 51. Nd3 Kd7 52. Nc1 Nf2 53. Nb3 Nd1 54. Nd2 Nf2 55. Nf3 Ne4 56. Ng5 Nd2 57. Kc3 Nf1 58. Kd3 Nh2 59. Ke2 Ng4 60. Nf3 Nh6 1-0

[Event "Stare Mesto op"]
[Site "Stare Mesto"]
[Date "2007.08.18"]
[Round "10"]
[White "Pace, Pietro Dario"]
[Black "Kusina, Jan"]
[Result "0-1"]
[WhiteElo "2216"]
[BlackElo "2147"]
[PlyCount "56"]
[EventDate "2007.08.10"]
[EventType "swiss"]
[EventRounds "10"]
[EventCountry "CZE"]
[SourceTitle "CBM 119 Extra"]
[Source "ChessBase"]
[SourceDate "2007.09.04"]
[SourceVersion "1"]
[SourceVersionDate "2007.09.04"]
[SourceQuality "1"]

1. e4 c5 2. Nf3 d6 3. c3 Nf6 4. Bd3 Nc6 5. h3 g6 6. Bc2 Bg7 7. 0-0 0-0 8. Re1 e5 9. a3 a5 10. a4 h6 11. Na3 Be6 12. d4 cxd4 13. cxd4 exd4 14. Nxd4 Nxd4 15. Qxd4 Nd5 16. Qd1 Nb4 17. Bb3 Re8 18. Nb5 Bxb3 19. Qxb3 d5 20. Bd2 Rxe4 21. Rxe4 dxe4 22. Bxb4 axb4 23. Qxb4 Qd3 24. Re1 Re8 25. Nd6 e3 26. fxe3 Rxe3 27. Nxb7 Bd4 28. Kh2 Qe4 0-1

[Event "Stare Mesto op"]
[Site "Stare Mesto"]
[Date "2007.08.17"]
[Round "9"]
[White "Kusina, Jan"]
[Black "Damia, Angelo"]
[Result "1/2-1/2"]
[WhiteElo "2147"]
[BlackElo "2263"]
[PlyCount "20"]
[EventDate "2007.08.10"]
[EventType "swiss"]
[EventRounds "10"]
[EventCountry "CZE"]
[SourceTitle "CBM 119 Extra"]
[Source "ChessBase"]
[SourceDate "2007.09.04"]
[SourceVersion "1"]
[SourceVersionDate "2007.09.04"]
[SourceQuality "1"]

1. d4 d6 2. Nf3 Nd7 3. c4 e5 4. Nc3 exd4 5. Nxd4 Be7 6. g3 Bf6 7. Nd5 Ne7 8. Nxf6+ Nxf6 9. Bg2 0-0 10. 0-0 d5 1/2-1/2

[Event "Stare Mesto op"]
[Site "Stare Mesto"]
[Date "2007.08.16"]
[Round "8"]
[White "Stefanko, Igor"]
[Black "Kusina, Jan"]
[Result "0-1"]
[WhiteElo "1891"]
[BlackElo "2147"]
[PlyCount "60"]
[EventDate "2007.08.10"]
[EventType "swiss"]
[EventRounds "10"]
[EventCountry "CZE"]
[SourceTitle "CBM 119 Extra"]
[Source "ChessBase"]
[SourceDate "2007.09.04"]
[SourceVersion "1"]
[SourceVersionDate "2007.09.04"]
[SourceQuality "1"]

1. e4 c5 2. Nf3 d6 3. d4 cxd4 4. Nxd4 Nf6 5. Nc3 a6 6. Bg5 e6 7. f4 b5 8. e5 dxe5 9. fxe5 Qc7 10. Qe2 Nfd7 11. 0-0-0 Bb7 12. Qg4 Qxe5 13. Bxb5 axb5 14. Rhe1 h5 15. Qh4 Qc5 16. Nxe6 fxe6 17. Rxe6+ Kf7 18. Qf4+ Kxe6 19. Re1+ Ne5 20. b4 Qxc3 21. Re3 Qa1+ 22. Kd2 Nbd7 23. g4 hxg4 24. Qxg4+ Kd6 25. Bf4 Kc6 26. Qe6+ Bd6 27. Rc3+ Qxc3+ 28. Kxc3 Rhe8 29. Qf5 Ra3+ 30. Kb2 Nc4+ 0-1

[Event "Stare Mesto op"]
[Site "Stare Mesto"]
[Date "2007.08.15"]
[Round "7"]
[White "Balazec, Ludovit"]
[Black "Kusina, Jan"]
[Result "0-1"]
[WhiteElo "2030"]
[BlackElo "2147"]
[PlyCount "68"]
[EventDate "2007.08.10"]
[EventType "swiss"]
[EventRounds "10"]
[EventCountry "CZE"]
[SourceTitle "CBM 119 Extra"]
[Source "ChessBase"]
[SourceDate "2007.09.04"]
[SourceVersion "1"]
[SourceVersionDate "2007.09.04"]
[SourceQuality "1"]

1. e4 c5 2. Nc3 d6 3. Nge2 Nf6 4. d4 cxd4 5. Nxd4 a6 6. Be2 e5 7. Nb3 Be7 8. 0-0 Be6 9. f4 Qc7 10. f5 Bc4 11. Be3 b5 12. a4 Bxe2 13. Qxe2 b4 14. Nd5 Nxd5 15. exd5 Nd7 16. a5 Qb7 17. Rfd1 0-0 18. g4 Bh4 19. Kg2 h6 20. Kh3 Bg5 21. Bxg5 hxg5 22. Qd2 Nf6 23. Qxg5 Nxd5 24. Rf1 f6 25. Qd2 Rac8 26. Rad1 Nf4+ 27. Kg3 Rc4 28. Rf2 Rfc8 29. Qxd6 Qe4 30. h3 Rxc2 31. Nd2 Qe3+ 32. Rf3 Qe2 33. Rdf1 Qxd2 34. Qxa6 Nh5+ 0-1

[Event "Stare Mesto op"]
[Site "Stare Mesto"]
[Date "2007.08.12"]
[Round "4"]
[White "Kusina, Jan"]
[Black "Vrana, Frantisek"]
[Result "0-1"]
[WhiteElo "2147"]
[BlackElo "2304"]
[PlyCount "114"]
[EventDate "2007.08.10"]
[EventType "swiss"]
[EventRounds "10"]
[EventCountry "CZE"]
[SourceTitle "CBM 119 Extra"]
[Source "ChessBase"]
[SourceDate "2007.09.04"]
[SourceVersion "1"]
[SourceVersionDate "2007.09.04"]
[SourceQuality "1"]

1. d4 d6 2. Nf3 Nf6 3. c4 Nbd7 4. Nc3 e5 5. e4 g6 6. Be2 Bg7 7. 0-0 0-0 8. d5 Nc5 9. Qc2 a5 10. Ne1 Nfd7 11. Be3 f5 12. exf5 gxf5 13. f3 Qe8 14. Rd1 f4 15. Bf2 Qh5 16. Nd3 Rf6 17. Kh1 Rh6 18. Bg1 Bf6 19. Nf2 Bh4 20. Nce4 Nxe4 21. fxe4 Qg5 22. Bf3 Kh8 23. Nh3 Qg7 24. Bf2 Bxf2 25. Rxf2 Nc5 26. Ng1 Bd7 27. Qe2 Rg8 28. b3 c6 29. Qf1 Na6 30. dxc6 Bxc6 31. Rfd2 Qe7 32. Ne2 Nc5 33. Nc3 Rgg6 34. Qe1 b6 35. Rb1 Ne6 36. Ne2 Ng5 37. Ng1 Qb7 38. Re2 Ne6 39. Qf2 Nc5 40. Qe1 Ne6 41. Qf2 Ng5 42. Qe1 Rg8 43. Rd1 Qf7 44. Red2 Qe7 45. Re2 Qb7 46. Rc1 Qa8 47. Rc3 Rb8 48. Qb1 Qb7 49. Rc1 Qg7 50. Qc2 Ne6 51. Ree1 Qg3 52. h3 Nd4 53. Qd3 Rg8 54. Qf1 Bd7 55. Rc3 Bg4 56. Rd3 Nxf3 57. Nxf3 Bxh3 0-1

[Event "Perla Baltyku op-A 3rd"]
[Site "Mielno"]
[Date "2007.06.25"]
[Round "9"]
[White "Owczarzak, Jerzy"]
[Black "Kusina, Jan"]
[Result "1/2-1/2"]
[WhiteElo "2389"]
[BlackElo "2147"]
[PlyCount "76"]
[EventDate "2007.06.18"]
[EventType "swiss"]
[EventRounds "9"]
[EventCountry "POL"]
[SourceTitle "CBM 119 Extra"]
[Source "ChessBase"]
[SourceDate "2007.09.04"]
[SourceVersion "1"]
[SourceVersionDate "2007.09.04"]
[SourceQuality "1"]

1. e4 c5 2. Nf3 d6 3. d4 cxd4 4. Nxd4 Nf6 5. Nc3 a6 6. Be3 e5 7. Nb3 Be6 8. f3 Nbd7 9. g4 h6 10. Qd2 b5 11. 0-0-0 Nb6 12. Qf2 Nfd7 13. Kb1 Be7 14. h4 Qc7 15. Nd5 Bxd5 16. exd5 Rc8 17. c3 Rb8 18. Qg2 Nf6 19. f4 Nc4 20. Bc1 h5 21. gxh5 Nxh5 22. fxe5 dxe5 23. Bd3 a5 24. Bxc4 bxc4 25. d6 Bxd6 26. Nxa5 Be7 27. Nc6 Rc8 28. Nxe7 Qxe7 29. Qg4 Qe6 30. Qxe6+ fxe6 31. Rd6 Ke7 32. Rf1 Nf4 33. Rd7+ Kf6 34. Rg1 g6 35. Rg4 Kf5 36. Rg5+ Kf6 37. Rg4 Kf5 38. Rg5+ Kf6 1/2-1/2

[Event "Perla Baltyku op-A 3rd"]
[Site "Mielno"]
[Date "2007.06.22"]
[Round "6"]
[White "Kusina, Jan"]
[Black "Siembab, Bartosz"]
[Result "1/2-1/2"]
[WhiteElo "2147"]
[BlackElo "2206"]
[PlyCount "157"]
[EventDate "2007.06.18"]
[EventType "swiss"]
[EventRounds "9"]
[EventCountry "POL"]
[SourceTitle "CBM 119 Extra"]
[Source "ChessBase"]
[SourceDate "2007.09.04"]
[SourceVersion "1"]
[SourceVersionDate "2007.09.04"]
[SourceQuality "1"]

1. d4 Nf6 2. c4 c6 3. Nc3 d5 4. Nf3 a6 5. a4 g6 6. Bf4 Bg7 7. e3 0-0 8. b4 Bf5 9. Qb3 Ne4 10. Rc1 Nxc3 11. Qxc3 a5 12. b5 c5 13. Be5 Bxe5 14. Nxe5 cxd4 15. Qxd4 Nd7 16. Nxd7 Qxd7 17. cxd5 e5 18. Qd2 Be4 19. f3 Bxd5 20. Bc4 Be6 21. Qxd7 Bxd7 22. Bd5 Rac8 23. Ke2 b6 24. Rhd1 Rxc1 25. Rxc1 Rc8 26. Rxc8+ Bxc8 27. g4 Kf8 28. Kd3 Ke7 29. g5 Bf5+ 30. e4 Bd7 31. h4 Bc8 32. Kc3 Bd7 33. Kd3 Kf8 34. Ke3 Kg7 35. f4 f6 36. Bc4 Bg4 37. Bb3 h6 38. Bc2 hxg5 39. hxg5 fxg5 40. fxg5 Be6 41. Kd3 Kf8 42. Kc3 Ke7 43. Bb1 Kd6 44. Bc2 Kc5 45. Bd3 Bg4 46. Bc4 Bf3 47. Bd5 Kd6 48. Kd2 Ke7 49. Kc2 Kd6 50. Kd2 Bh5 51. Bb3 Bf3 52. Bd5 Kc5 53. Kc3 Bg2 54. Bc6 Bf3 55. Bd5 Bd1 56. Bf7 Bxa4 57. Bxg6 Bxb5 58. Bf5 Bc4 59. g6 Bg8 60. Bd7 b5 61. Be8 b4+ 62. Kb2 Kd6 63. Bb5 Ke7 64. Bc6 Kf6 65. Be8 Be6 66. Kc2 Bg4 67. Kb3 Bh5 68. Ka4 Bd1+ 69. Kxa5 b3 70. Bb5 Kxg6 71. Kb4 Bc2 72. Kc3 Kg5 73. Bc4 Kf4 74. Bd5 Ke3 75. Kb2 Kd4 76. Ka3 Bxe4 77. Bxb3 Bd5 78. Bc2 Kc3 79. Bg6 1/2-1/2